La sostenibilidad financiera del sistema de salud colombiano : (Registro nro. 6318)
[ vista simple ]
| 000 -LEADER | |
|---|---|
| fixed length control field | 01471nam a2200301Ia 4500 |
| 003 - CONTROL NUMBER IDENTIFIER | |
| control field | OSt |
| 005 - DATE AND TIME OF LATEST TRANSACTION | |
| control field | 20200903173601.0 |
| 008 - FIXED-LENGTH DATA ELEMENTS--GENERAL INFORMATION | |
| fixed length control field | 191128s2012 ck fr 000 0 spa d |
| 020 ## - INTERNATIONAL STANDARD BOOK NUMBER | |
| International Standard Book Number | 97895857092332 |
| 040 ## - CATALOGING SOURCE | |
| Original cataloging agency | CO-JMCR |
| Transcribing agency | CO-JMCR |
| 041 0# - LANGUAGE CODE | |
| Language code of text/sound track or separate title | spa |
| 082 04 - DEWEY DECIMAL CLASSIFICATION NUMBER | |
| Classification number | 362.104252 / |
| Item number | N964s |
| Edition number | 23 |
| 100 1# - MAIN ENTRY--PERSONAL NAME | |
| Personal name | Nuñez, Jairo, |
| Relator term | investigador principal |
| 9 (RLIN) | 9767 |
| 245 13 - TITLE STATEMENT | |
| Title | La sostenibilidad financiera del sistema de salud colombiano : |
| Remainder of title | dinámica del gasto y principales retos de cara al futuro / |
| Statement of responsibility, etc. | investigadores principales, Jairo Núñez, y Juan Gonzalo Zapata ; investigadores, Carlos Castañeda, Sandra Milena Fonseca y Jaime Ramírez |
| 260 ## - PUBLICATION, DISTRIBUTION, ETC. | |
| Place of publication, distribution, etc. | Bogotá : |
| Name of publisher, distributor, etc. | Fedesarrollo, |
| Date of publication, distribution, etc. | 2012 |
| 300 ## - PHYSICAL DESCRIPTION | |
| Extent | 211 páginas ; |
| Dimensions | 23 cm. |
| 504 ## - BIBLIOGRAPHY, ETC. NOTE | |
| Bibliography, etc. note | Bibliografía: páginas 157-159 |
| 505 0# - FORMATTED CONTENTS NOTE | |
| Formatted contents note | Financiamiento de la salud en Colombia -- Regímenes especiales -- Regímenes Subsidiados -- Conclusiones -- Régimen contributivo -- Cadena de valor y rentabilidad del sector salud en Colombia |
| 650 14 - SUBJECT ADDED ENTRY--TOPICAL TERM | |
| Topical term or geographic name entry element | Sistemas de salud |
| Geographic subdivision | Colombia |
| 9 (RLIN) | 9768 |
| 650 14 - SUBJECT ADDED ENTRY--TOPICAL TERM | |
| Topical term or geographic name entry element | Salud |
| General subdivision | aspectos económicos |
| Geographic subdivision | Colombia |
| 9 (RLIN) | 9769 |
| 650 14 - SUBJECT ADDED ENTRY--TOPICAL TERM | |
| Topical term or geographic name entry element | Financiamiento de la salud |
| Geographic subdivision | Colombia |
| 9 (RLIN) | 9770 |
| 650 14 - SUBJECT ADDED ENTRY--TOPICAL TERM | |
| Topical term or geographic name entry element | Régimen subsidiado de salud |
| Geographic subdivision | Colombia |
| 9 (RLIN) | 9771 |
| 700 1# - ADDED ENTRY--PERSONAL NAME | |
| Personal name | Zapata, Juan Gonzalo, |
| Dates associated with a name | |
| Relator term | investigador principal |
| 9 (RLIN) | 9772 |
| 700 1# - ADDED ENTRY--PERSONAL NAME | |
| Personal name | Castañeda, Carlos, |
| Relator term | investigador |
| 9 (RLIN) | 9773 |
| 700 1# - ADDED ENTRY--PERSONAL NAME | |
| Personal name | Fonseca, Sandra Milena, |
| Relator term | investigadora |
| 9 (RLIN) | 9774 |
| 700 1# - ADDED ENTRY--PERSONAL NAME | |
| Personal name | Ramírez, Jaime, |
| Relator term | investigador |
| 9 (RLIN) | 9775 |
| 942 ## - ADDED ENTRY ELEMENTS (KOHA) | |
| Source of classification or shelving scheme | Dewey Decimal Classification |
| Koha item type | Books |
| Withdrawn status | Lost status | Source of classification or shelving scheme | Damaged status | Not for loan | Collection code | Home library | Current library | Date acquired | Source of acquisition | Total Checkouts | Total Renewals | Full call number | Barcode | Date last seen | Date last checked out | Copy number | Koha item type |
|---|---|---|---|---|---|---|---|---|---|---|---|---|---|---|---|---|---|
| Dewey Decimal Classification | Non-fiction | Biblioteca Pública José María del Castillo y Rada | Biblioteca Pública José María del Castillo y Rada | 12/01/2018 | Donación | 1 | 1 | 362.104252 / N964s | 430012414 | 05/16/2024 | 06/09/2023 | Ej.1 | Books |